1980 census of population and housing : summary characteristics of governmental units and standard metropolitan statistical areas : Wyoming.

Bibliographic Details
Uniform Title:Census of population and housing (1980)
Corporate Authors: United States. Bureau of the Census. Housing Division, United States. Bureau of the Census. Population Division
Format: Government Document Book
Language:English
Published: Washington, D.C. : U.S. Dept. of Commerce, Bureau of the Census : [1982]
Subjects:

MARC

Tag First Indicator Second Indicator Subfields
LEADER 00000cam a2200000 a 4500
001 in00000832016
005 20151019050445.0
008 821120s1982 dcuk s f00000 eng d
010 |a gp 83004384  
020 |c $4.75 
035 |a (OCoLC)08997106 
035 |9 ADY5086AM 
040 |a GPO  |c GPO  |d UtOrBLW 
043 |a n-us-wy 
074 |a 156-M-50 
086 0 |a C 3.223/23:980/52 
088 |a PHC 80-3-52 
130 0 |a Census of population and housing (1980) 
245 1 0 |a 1980 census of population and housing :  |b summary characteristics of governmental units and standard metropolitan statistical areas : Wyoming. 
264 1 |a Washington, D.C. :  |b U.S. Dept. of Commerce, Bureau of the Census :  |c [1982] 
264 2 |a Washington, D.C. :  |b For sale by the Supt. of Docs., U.S. G.P.O., 
300 |a 49 pages in various pagings :  |b forms ;  |c 28 cm. 
336 |a text  |b txt  |2 rdacontent 
337 |a unmediated  |b n  |2 rdamedia 
338 |a volume  |b nc  |2 rdacarrier 
500 |a "Population Division"--Title page verso. 
500 |a "Housing Division"--Title page verso. 
500 |a "Issued September 1982." 
500 |a "PHC80-3-52." 
650 0 |a Housing  |z Wyoming  |x Statistics. 
651 0 |a Wyoming  |x Population  |x Statistics. 
651 0 |a Wyoming  |x Census, 1980. 
651 0 |a United States  |x Census, 20th, 1980. 
710 1 |a United States.  |b Bureau of the Census.  |b Housing Division. 
710 1 |a United States.  |b Bureau of the Census.  |b Population Division. 
740 0 |a Summary characteristics for governmental units and standard metropolitan statistical areas: Wyoming. 
740 0 |a Wyoming. 
999 |a MARS 
999 f f |s 33016cb2-3e9d-3570-b6e2-7fd5efb932c6  |i 4dd0c0c2-65de-328a-9f23-c357bbc063c8  |t 0 
952 f f |p noncirc  |a Texas A&M University  |b College Station  |c Sterling C. Evans Library  |d Evans: US Documents (Annex 5th floor)  |t 0  |e C 3.223/23:980/52  |h Superintendent of Documents classification  |i unmediated -- volume  |m A14814305118 
998 f f |a C 3.223/23:980/52  |t 0  |l Evans: US Documents (Annex 5th floor)